Focus sur: Queenie Goldstein - Harry Potter - Statistiques

Statistiques générales
  • Ce quiz a été pris 99 fois
  • Le résultat moyen est 5 sur 8
Statistiques - réponses
Informations recherchées Réponses % Correct
Statut du sang Sang-Mêlé
99%
Première apparition Les Animaux fantastiques 1
92%
Couleur des cheveux Blond
90%
Sœur Porpentina Goldstein
78%
Compétence Legilimancie
55%
Ecole fréquentée Ilvermorny
45%
Actrice l'interprétant dans les films Alison Sudol
21%
Maison fréquentée Puckwoodgenie
16%
Aucun quiz correspondant
Distribution des résultats
% des personnes avec chaque résultat
Percentile par nombre de réponses
Votre historique - résultats
Vous n’avez pas pris ce quiz